Stray Kids songs before NoEasy - Statistics

General Stats
  • This quiz has been taken 89 times
  • The average score is 9 of 17
Answers on the Grid
Answers color-coded by a green-red scale on the quiz's grid according to % correct below.
Hellevator
Charmer
Levanter
MIROH
Blueprint
3RACHA
ALL IN
DOMINO
Voices
ROCK
4419
I Am You
Drive
THE SOUND
N/S
Astronaut
DLC
FNF
Haven
ZONE
Leave
Winter Falls
Going Dumb
SLASH
Come Play
Mirror
Unfair
Burnin' Tires
TOP
Back Door
CASE143
Grow Up
 
Answer Stats
Answer % Correct
Hellevator
92%
MIROH
85%
Levanter
72%
Astronaut
62%
Blueprint
62%
Haven
56%
I Am You
56%
4419
54%
N/S
54%
ROCK
54%
Voices
54%
ALL IN
49%
Grow Up
49%
Mirror
44%
Back Door
41%
TOP
33%
Going Dumb
23%
No matching quizzes found
Score Distribution
Percent of People with Each Score
Percentile by Number Answered
Your Score History
You have not taken this quiz